| 000 | 00645nam a2200241Ia 4500 | ||
|---|---|---|---|
| 008 | 170203s9999 xx 000 0 und d | ||
| 020 | _a9781426311215 | ||
| 050 | _a0 30 | ||
| 050 | _bN277 2013 | ||
| 100 | _aNational Geo Kids. | ||
| 245 | _aNational Geo Kids Almanac 2014 / | ||
| 260 | _aUSA : | ||
| 260 | _bNational Geographic Society, | ||
| 260 | _c2014 | ||
| 300 | _a351 pages : | ||
| 300 | _billustrations (chiefly color), color maps ; | ||
| 300 | _c23 cm. | ||
| 500 | _aIncludes index. | ||
| 650 | _aAlmanacs, American -- | ||
| 650 | _aAlmanacs, American. | ||
| 650 | _aAlmanacs. | ||
| 650 | _xJuvenile literature. | ||
| 999 |
_c305738 _d305738 |
||